[Event "IECC TH-M email"]
[Site "IECC email"]
[Date "1999.04.11"]
[Round "?"]
[White "Marston, Nathan Carl"]
[Black "Needham, John S"]
[Result "0-1"]
[WhiteElo "1640"]
[BlackElo "1480"]
[PlyCount "30"]
[EventDate "1999.??.??"]
[EventType "match (corr)"]
[EventRounds "2"]
[SourceTitle "Corr 2008"]
[Source "ChessBase"]
[SourceDate "2008.06.24"]
[SourceVersion "1"]
[SourceVersionDate "2008.06.24"]
[SourceQuality "1"]

1. e4 c5 2. Nf3 d6 3. d4 cxd4 4. Nxd4 Nf6 5. Nc3 g6 6. Be3 Bg7 7. f3 Nc6 8. Qd2 0-0 9. g4 Be6 10. Nxe6 fxe6 11. 0-0-0 Kh8 12. h4 Qa5 13. Bc4 Ne8 14. Bh6 Bxc3 15. bxc3 Rxf3 0-1

[Event "IECC M email"]
[Site "IECC email"]
[Date "1998.12.16"]
[Round "?"]
[White "Naeter, Burkhard"]
[Black "Marston, Nathan Carl"]
[Result "1-0"]
[WhiteElo "1858"]
[BlackElo "1786"]
[PlyCount "47"]
[EventDate "1998.??.??"]
[EventType "tourn (corr)"]
[EventRounds "12"]
[SourceTitle "Corr 2008"]
[Source "ChessBase"]
[SourceDate "2008.06.24"]
[SourceVersion "1"]
[SourceVersionDate "2008.06.24"]
[SourceQuality "1"]

1. e4 c5 2. Nc3 d6 3. f4 Nc6 4. Nf3 Bg4 5. Bb5 Qb6 6. Nd5 Qd8 7. 0-0 e6 8. Ne3 Bxf3 9. Qxf3 Qc7 10. f5 Nf6 11. Nc4 Rc8 12. e5 dxe5 13. fxe6 fxe6 14. Bxc6+ Qxc6 15. Qxc6+ Rxc6 16. Nxe5 Rc7 17. d3 Bd6 18. Nc4 Kd7 19. Bd2 b5 20. Nxd6 Kxd6 21. a4 b4 22. Rae1 a5 23. Bf4+ e5 24. Bxe5+ 1-0